000 01166cab a2200445 4500
001 ABS55956
008 090401t1996 xxu||||| |||| 00| 0 eng d
035 _a(Sirsi) u20091
041 _aeng
245 _aLondon: South
260 _c1996
350 _a0
490 _aProperty Week
_v57(5) 1 November 1996, 35-53(9)
650 _aBECKENHAM
650 _aBROMLEY
650 _aCAMDEN TOWN
650 _aCAR PARKS
650 _aCITY OF LONDON
650 _aCROYDON TRAMLINK
650 _aCROYDON
650 _aEUROPEAN MONETARY UNION
650 _aINDUSTRIAL MARKET
650 _aKINGSTON
650 _aLA SENZA
650 _aLONDON
650 _aMERTON
650 _aPROPERTY-COMMERCIAL PROPERTY-OFFICE PROPERTY-OFFICE PROPERTY MARKET
650 _aORPINGTON
650 _aPROPERTY-COMMERCIAL PROPERTY-RETAIL PROPERTY-RETAIL PROPERTY MARKET
650 _aRICHMOND
650 _aSHOPPING CENTRES
650 _aSIDCUP
650 _aSOUTH LONDON
650 _aSUTTON
650 _aTRAMS
650 _aWIMBLEDON
690 _aPROPERTY-COMMERCIAL PROPERTY-COMMERCIAL PROPERTY MARKET
942 _n0
948 _c04/03/1997
999 _c13461
_d13461